Illustrated Dictionary Of Ecology/ (Record no. 207654)

MARC details
000 -LEADER
fixed length control field 00525nam a22001817a 4500
005 - DATE AND TIME OF LATEST TRANSACTION
control field 20241212152721.0
010 ## - LCCN (DPL NO)
LC control number ENG-143028
020 ## - INTERNATIONAL STANDARD BOOK NUMBER
Terms of availability 300.00
035 ## - SYSTEM CONTROL NUMBER
System control number EN-126560
037 ## - SOURCE OF ACQUISITION
Source of stock number/acquisition DBAD
082 ## - DEWEY DECIMAL CLASSIFICATION NUMBER
Classification number 333.7
Edition number 1
245 ## - TITLE STATEMENT
Title Illustrated Dictionary Of Ecology/
Statement of responsibility, etc Edited By Global Publishers
250 ## - EDITION STATEMENT
Edition statement First
260 ## - PUBLICATION, DISTRIBUTION, ETC. (IMPRINT)
Place of publication, distribution, etc Shahdra
Name of publisher, distributor, etc Global Publishers
Date of publication, distribution, etc 2011
270 ## - ADDRESS
Address 485-A/3, 2th floor, Bhola Nath Nagar
City Shahdra
Postal code 110032
300 ## - PHYSICAL DESCRIPTION
Extent 232p.
Dimensions 22cm(hbk)
942 ## - ADDED ENTRY ELEMENTS (KOHA)
Source of classification or shelving scheme Dewey Decimal Classification
Item type English Books
Classification part 333.7
Call number suffix ILL
Edition 1
Holdings
Withdrawn status Lost status Not for loan Collection code Home library Current library Date acquired Source of acquisition Cost, normal purchase price Full call number Barcode Copy number Cost, replacement price Koha item type
    Not For Loan Non-fiction D.B.Act.Division D.B.Act.Division 12/12/2024 DBAD 300.00 333.7 ILL En-126560 1 300.00 English Books

© Delhi Public Library
Hit Counter
free hit counter